Normal view
MARC view
- Khairul Azhar Idris
Entry Personal Name
001 - CONTROL NUMBER
- control field: 2304
003 - CONTROL NUMBER IDENTIFIER
- control field: OSt
005 - DATE AND TIME OF LATEST TRANSACTION
- control field: 20170508140359.0
008 - FIXED-LENGTH DATA ELEMENTS
- fixed length control field: 170508|| aca||aabn | a|a d
040 ## - CATALOGING SOURCE
- Original cataloging agency: OSt
- Transcribing agency: OSt
100 ## - HEADING--PERSONAL NAME
- Personal name: Khairul Azhar Idris
670 ## - SOURCE DATA FOUND
- Source citation: Work cat.: (OSt)0: Kontemporari Islam /, 1996

PORTAL AKMAL
E-MEL JKDM
AKMAL2U
G-BAM
u-PUSTAKA